THE DEATH OF PEACE OF MIND - Bad Omens - Statistics

General Stats
  • This quiz has been taken 19 times
  • The average score is 243 of 275
Answer Stats
% Correct
be
100%
death
100%
I
100%
it
100%
It
100%
mind
100%
of
100%
peace
100%
the
100%
to
100%
we
100%
When
100%
alive?
93%
both
93%
go
93%
hard
93%
realize,
93%
wasn't
93%
will
93%
and
87%
call
87%
come
87%
curtains
87%
home
87%
love's
87%
Love's
87%
my
87%
name,
87%
satisfied?
87%
say
87%
way
87%
you
87%
You
87%
Your
87%
your
87%
another
80%
are
80%
bend,
80%
break,
80%
break
80%
could
80%
down
80%
ever
80%
made
80%
make
80%
miss
80%
out
80%
taste
80%
thought
80%
time,
80%
took
80%
you're
80%
You're
80%
about
73%
change,
73%
everything
73%
face,
73%
For
73%
fuck,
73%
gonna
73%
granted,
73%
hanging
73%
in
73%
makeup
73%
me
73%
mistake,
73%
running
73%
that
73%
touch,
73%
upside
73%
with
73%
cared
67%
crosses
67%
hear
67%
keep
67%
leaving
67%
now
67%
walls
67%
waves,
67%
frames,
60%
Promises
60%
swallowing
60%
wake
53%
need
47%
vain,
47%
Mine,
40%
mine
40%
Oh,
27%
No matching quizzes found
Score Distribution
Percent of People with Each Score
Percentile by Number Answered
Your Score History
You have not taken this quiz